European Fashion Brands - Sudden Death - Statistics

General Stats
  • This quiz has been taken 406 times
  • The average score is 11 of 20
Answers on the Grid
Answers color-coded by a green-red scale on the quiz's grid according to % correct below.
Chanel
Dior
Louis Vuitton
Tom Ford
Giorgio Armani
Prada
Old Navy
Banana Republic
Levi's
Calvin Klein
Alexander McQueen
Zara
Wrangler
Givenchy
Yves Saint Laurent
Dolce & Gabbana
Coach
Versace
Uniqlo
Gucci
Juicy Couture
Lacoste
Tommy Hilfiger
Hermès
Fendi
Burberry
Supreme
Moschino
Carolina Herrera
True Religion
Bottega Veneta
Urban Outfitters
Diesel
Rocawear
Woolrich
Valentino
Converse
Guess
DKNY
 
Answer Stats
Answer % Correct
Chanel
92%
Louis Vuitton
87%
Dior
85%
Giorgio Armani
79%
Prada
75%
Versace
61%
Yves Saint Laurent
60%
Dolce & Gabbana
58%
Gucci
58%
Givenchy
51%
Hermès
51%
Valentino
43%
Zara
43%
Burberry
39%
Fendi
38%
Lacoste
38%
Bottega Veneta
37%
Moschino
33%
Alexander McQueen
32%
Diesel
10%
No matching quizzes found
Score Distribution
Percent of People with Each Score
Percentile by Number Answered
Your Score History
You have not taken this quiz